000 01085nam0a2200313 4500
001 RU\NLR\ONL2\7203
005 20250613130255.0
010 _a978-5-298-01521-9
_91000
035 _a(NLR Aleph) 009654795
090 _a9585483
_c9585483
100 _a20070703d2007 |||y0rusy50 ca
101 0 _atat
102 _aRU
105 _ac |||||||||
200 1 _aКунелем көзгесе
_eшигырьлэр
_fРифкать Хисмэт
210 _aКазан
_cТатар. кит. нэшр.
_d2007
215 _a158,[1] б.
_cпортр.
_d17
300 _aВ вып. дан. авт.: Рифкат Хисмят (Хисмятов Рифкат Ахмадуллович).
541 1 _6z01790
_aЗеркало души
_e[стихи].
_zrus
686 1 _aШ6(2=Тат)7-5
700 1 _aХисмэт
_bР.
_gРифкать
_4070
790 1 _6z01541
_aХисмят
_bР.
_gРифкат
_4070
801 0 _aRU
_bNLR
_c20070703
_gPSBO
852 _aNLR
_bОНЛ
_jТатар./2-12104
942 _cBOOK
980 _aNB
980 _aONL_RF